Catálogo
 En Linea
Vista normal Vista MARC

Entrada Nombre de reunión

Número de registros utilizados en: 1

001 - NÚMERO DE CONTROL

  • campo de control: 82221

003 - IDENTIFICADOR DEL NÚMERO DE CONTROL

  • campo de control: DO-SdBNP

005 - FECHA Y HORA DE LA ÚLTIMA TRANSACCIÓN

  • campo de control: 20220823110148.0

008 - DATOS DE LONGITUD FIJA

  • campo de control de longitud fija: 220823|| aca||aabn | a|a d

040 ## - FUENTE DE LA CATALOGACIÓN

  • Centro catalogador/agencia de origen: DO-SdBNP
  • Centro/agencia transcriptor: DO-SdBNP

111 ## - ENCABEZAMIENTO--NOMBRE DE CONGRESO/REUNIÓN

  • Nombre de congreso/reunión o jurisdicción como elemento de entrada: Congreso IASPM-AL
  • Número del congreso/reunión o número de parte o sección: (14:
  • Fecha del congreso/reunión: 2020 :
  • Sede del congreso/Lugar de la reunión: Medellín, Colombia)

670 ## - FUENTE DE DATOS ENCONTRADOS

  • Cita de la fuente: Work cat.: (DO-SdBNP)52301: Congreso IASPM-AL (14: 2020 : Medellín, Colombia), Le cayó la gota fría : formación, trabajo y economías de la música popular en América Latina; actas del XIV Congreso IASPM-AL = formación, trabalho e economias da música popular na América Latina ; anais do XIV Congresso da IASPM-AL, 2022

Con tecnología Koha